Tái cơ cấu kinh tế Việt Nam /

שמור ב:
מידע ביבליוגרפי
מחבר ראשי: Kim Ngọc.
מחברים אחרים: Ngô Văn Vũ.
פורמט: Bài viết
שפה:Vietnamese
נושאים:
תגים: הוספת תג
אין תגיות, היה/י הראשונ/ה לתייג את הרשומה!
Thư viện lưu trữ: Thư viện Trường Đại học Đà Lạt
LEADER 01065nam a2200265 4500
001 DLU170179376
005 ##20170324
040 # # |a DLU  |b vie 
041 # # |a vie 
044 # # |a vn 
100 # # |a Kim Ngọc. 
245 # # |a Tái cơ cấu kinh tế Việt Nam /  |c Kim Ngọc, Ngô Văn Vũ. 
653 # # |a Cơ cấu kinh tế 
653 # # |a Chính sách nhà nước 
653 # # |a Chuyển dịch cơ cấu 
700 # # |a Ngô Văn Vũ. 
773 # # |t Tạp chí Khoa học xã hội Việt Nam   |g Số 12(85), 2014, tr. 19-27 
920 # # |a  Phòng Tạp chí -- Trung tâm Thông tin - Thư viện Trường Đại học Đà Lạt 
900 # # |a True 
911 # # |a Hoàng Thị Huyền 
925 # # |a G 
926 # # |a A 
927 # # |a BB 
980 # # |a Thư viện Trường Đại học Đà Lạt